| 000 -ლიდერი |
| ფიქსირებული სიგრძის საკონტროლო ველი |
00908nam a2200217Ia 4500 |
| 001 - საკონტროლო ნომერი |
| საკონტროლო ველი |
3555 |
| 003 - საკონტროლო ნომრის იდენტიფიკატორი |
| საკონტროლო ველი |
GE_BSU |
| 005 - ბოლო ოპერაციის თარიღი და დრო |
| საკონტროლო ველი |
20190620143646.0 |
| 008 - ფიქსირებული სიგრძის მონაცემთა ელემენტები - ზოგადი ინფორმაცია |
| ფიქსირებული სიგრძის საკონტროლო ველი |
181216s1995||||ge |||||||||||||| ||geo|| |
| 040 ## - კატალოგიზაციის წყარო |
| Transcribing agency |
GE_BSU |
| 041 ## - ენის კოდი |
| Language code of text/sound track or separate title |
geo |
| 080 ## - უნივერსალური ათობითი კლასიფიკაციის ინდექსი |
| Universal Decimal Classification number |
577 ა–48 |
| 100 ## - მთავარი ჩანაწერი - პიროვნების სახელი |
| Personal name |
ალექსიძე, ნუგზარ |
| 9 (RLIN) |
2610 |
| 245 ## - ცნობა სათაურის შესახებ |
| Title |
ბიოქიმია : კითხვები და პასუხები : |
| Remainder of title |
დამხმ. სახელმძღვ. / |
| Statement of responsibility, etc |
ნუგზარ ალექსიძე; რედ.: ა. შალაშვილი, დ. მიქელაძე. |
| 264 ## - წარმოების, გამოცემის, დისტრიბუციის და სხვა ცნობები |
| გამოცემის, წარმოების, დისტრიბუციის... ადგილი |
თბილისი, |
| გამოცემის, წარმოების, დისტრიბუციის... თარიღი |
1995. |
| 300 ## - ფიზიკური აღწერა |
| Extent |
94 გვ. ; |
| Other physical details |
15 სმ. |
| 653 ## - INDEX TERM--UNCONTROLLED |
| Uncontrolled term |
ბიოქიმია. |
| 700 ## - ADDED ENTRY--PERSONAL NAME |
| Personal name |
შალაშვილი, ა. |
| Relator term |
რედაქტორი |
| 9 (RLIN) |
2609 |
| 700 ## - ADDED ENTRY--PERSONAL NAME |
| Personal name |
მიქელაძე, დ. |
| Relator term |
რედაქტორი |
| 9 (RLIN) |
2654 |
| 942 ## - ADDED ENTRY ELEMENTS (KOHA) |
| Koha item type |
წიგნი |
| Source of classification or shelving scheme |
|